000 00258nam a22001217a 4500
008 180312b xxu||||| |||| 00| 0 eng d
041 _aeng
080 _a621
100 _a27
101 _aMEC
245 _aSOIL ENGINEERING
_cMERLIN.G.S
942 _2udc
_cBK
999 _c44742
_d44742